00395nam a2200133 a 4500008004100000020001500041050001700056100001900073245002300092246010100115260002600216300001000242350000900252120416s0000 ||||||||||||||||| || u a0851572901 aZ 696.B6 Mal aMaltby, Arthur14aThe case for Bliss amodern classification practice and principles in the context of the bibliographic classification aLondonbBingleyc1979 a142p. a0.00